00497nam a2200145Ia 4500008004100000020001800041041000800059082001800067100001900085245016000104250000600264260005200270300001400322650001500336210716s2009 xx 000 0 und d a9788131516607 aeng a658.4092 BETE aBetof, Edward. aLeaders as teachers: unlock the teaching potential of your companys best and brightest.bUnlock the teaching potential of your companys best and brightest. a1 aNew DelhibCengage Learning India Pvt Ltdc2009 axviii,210 aLeadership